Bordeaux–Mérignac Airport Destinations (Bordeaux, France) - Statistics

General Stats
  • This quiz has been taken 177 times
    84 since last reset
  • The average score is 57 of 86
Answer Stats
Airline Destination % Correct
Air France Paris (Charles de Gaulle)
98%
easyJet/Volotea Rome (Fiumicino)
94%
KLM Amsterdam
93%
Iberia/Volotea Madrid
93%
easyJet/Transavia/Volotea Marseille
93%
Brussels Airlines/Transavia Brussels
91%
Aer Lingus Dublin
91%
British Airways/easyJet London (Gatwick)
89%
easyJet London (Luton)
89%
easyJet Berlin
87%
easyJet Lisbon
87%
easyJet Milan (Malpensa)
87%
Volotea/Vueling Barcelona
85%
Air France/easyJet Lyon
85%
Air France/easyJet/Volotea Nice
85%
Norwegian Air Shuttle Oslo
85%
easyJet/Volotea Lille
83%
Lufthansa Munich
83%
Lufthansa Frankfurt
81%
easyJet/Transavia/Volotea Marrakesh
81%
Nouvelair/Tunisair Tunis
81%
easyJet/Transavia Porto
80%
Swiss International Air Lines Zurich
80%
Aegean Airlines/easyJet/Volotea Athens
78%
Royal Air Maroc Casablanca
78%
easyJet/Norwegian Air Shuttle Copenhagen
78%
easyJet Geneva
78%
easyJet Glasgow
78%
easyJet Manchester
78%
Transavia/Turkish Airlines Istanbul
76%
easyJet Rabat
76%
Volotea Florence
74%
Luxair Luxembourg
74%
easyJet/Volotea Palma de Mallorca
74%
Transavia Seville
74%
Air Algérie/Volotea Algiers
72%
Aer Lingus Cork
72%
Volotea Malaga
72%
easyJet Basel/Mulhouse
70%
easyJet Ibiza
70%
Volotea Strasbourg
70%
easyJet/Volotea Tenerife (South)
70%
Volotea Alicante
69%
Aegean Airlines/easyJet/Volotea Heraklion
69%
easyJet Birmingham
67%
easyJet/Transavia Faro
67%
Air Arabia Fes
67%
Air France/easyJet/Volotea Ajaccio
65%
Air Arabia Tangier
65%
Volotea Venice
65%
Volotea Bari
63%
Volotea Hamburg
63%
Air Algérie/Volotea Oran
63%
Transavia Agadir
61%
easyJet Belfast (International)
61%
Volotea Malta
61%
easyJet Bristol
57%
easyJet Catania
57%
easyJet Funchal
57%
Chalair Aviation Brest
56%
easyJet/Volotea Dubrovnik
56%
easyJet/Volotea Menorca
56%
easyJet Rhodes
56%
Volotea Stuttgart
56%
easyJet/Volotea Corfu
54%
Nouvelair Djerba
54%
Volotea Cagliari
52%
Volotea Split
52%
Transavia Eindhoven
50%
easyJet/Volotea Lanzarote
50%
Air Transat Montreal (Trudeau)
50%
Volotea Santorini
50%
Transavia Tirana
48%
Volotea Verona
48%
Air France/Volotea Calvi
46%
Volotea Charleroi
46%
easyJet/Volotea Bastia
44%
Air France/easyJet/Volotea Figari
44%
easyJet/Volotea Olbia
44%
TUI fly Belgium Oujda
44%
Volotea Alghero
43%
easyJet Essaouira
35%
Transavia Dakar (Diass)
33%
Corsair International Pointe-a-Pitre
24%
easyJet Toulon
22%
easyJet Rovaniemi
19%
No matching quizzes found
Score Distribution
Percent of People with Each Score
Percentile by Number Answered
Your Score History
You have not taken this quiz since the last reset